LDR 01080nam a2200277 4500 001 000000367956 003 CaOOAMICUS 005 20260604124408.0 008 260529s2008 fr 000 u fre r 020 $a978-2-13-054628-3 040 $aSeMil$bita 100 1 $aNemo, Philippe,$d<1949- >.$0(OLS)http://semarc/name/90898 240 10$aQu'est-ce que l'Occident?.$0(OLS)http://semarc/title/452905 245 10$aQu'est-ce que l'Occident? /$cPhilippe Nemo. 264 1$aParis :$bPUF,$c2008. 300 $a158 p. ;$c19 cm 490 1 $aQuadrige 650 4$aOccidente - Civiltà .$0(OLS)http://semarc/subject/57279 830 0$aQuadrige.$0(OLS)http://semarc/title/8031 850 $aSeMil 852 $aSeMil$W1$xVenegono$y1$m3N I 827$j272901$B258610$CSeMilBibl$Z2$F258610 $81 961 $aBuzzi mons. Franco - Omaggio 996 $6020$a978-2-13-054628-3$9(OLS)http://semarc/number/306017 996 $6245$aQu'est-ce que l'Occident?$9(OLS)http://semarc/title/459979 996 $6264$aParis :$bPUF$9(OLS)http://semarc/publisher/30045